|
|
|
|
| LEADER |
01015naa a2200349 a 4500 |
| 001 |
000000342 |
| 003 |
SVKKK |
| 005 |
20071022094142.0 |
| 008 |
030616c1989 xo e czeo |
| FMT |
|
|
|
| 038 |
|
|
|a SVKKK
|
| 040 |
|
|
|a SVKKK
|b slo
|e AACR2
|
| 041 |
0 |
|
|a cze
|b eng
|
| 044 |
|
|
|a xo
|c SK
|
| 080 |
|
|
|a 552.5"613"(234.576)
|2 1981
|
| 100 |
1 |
|
|a Zapletal, Jan
|4 aut
|
| 245 |
1 |
0 |
|a Viséská gravelitová sedimentace v kulmu Nízkého Jeseníku
|c Zapletal Jan
|
| 300 |
|
|
|b Obr. 6
|
| 500 |
|
|
|a Olomouc, Univerzita Palackého
|
| 504 |
|
|
|a Res. angl., rus., lit. 23 zázn. v rôzn. jaz.
|
| 650 |
0 |
4 |
|a gravelity
|z Nízky Jeseník
|
| 650 |
0 |
4 |
|a karbón spodný
|
| 650 |
0 |
4 |
|a kulm
|
| 650 |
0 |
4 |
|a mineralógia
|
| 650 |
0 |
4 |
|a výskum
|x štúdie
|
| 773 |
0 |
|
|t Acta Universitatis Palackianae Olomucensis, Facultas Rerum Naturalium, 95
|d Praha : Státní pedagogické nakladatelství, 1989
|g S. 15-29
|
| 958 |
|
|
|a NP
|
| 974 |
|
|
|d 940927
|a 245/260
|
| 992 |
|
|
|a RZB
|
| BAS |
|
|
|
| 852 |
|
|
|a SVKKK
|b BIB
|
| 998 |
|
|
|a GEO
|